Sports Quiz

Random Sports or Football Quiz

Premier League - 'R' Clubs Quiz Stats

 Plays Quiz not verified by Sporcle

Challenge
Share
Tweet
Embed
Score 0/29 Timer 05:00
0 Plays Today
% Correct
Arsenal
97.8%
Manchester United
94.5%
Manchester City
94.5%
Liverpool
93.4%
Tottenham Hotspur
92.3%
Everton
92.3%
Blackburn Rovers
89%
Burnley
86.8%
West Bromwich Albion
86.8%
Sunderland
86.8%
Wolverhampton Wanderers
85.7%
Norwich City
85.7%
Barnsley
84.6%
Queens Park Rangers
83.5%
Middlesbrough
82.4%
% Correct
Leicester City
82.4%
Birmingham City
81.3%
Bolton Wanderers
81.3%
Crystal Palace
81.3%
Derby County
80.2%
Portsmouth
80.2%
Bournemouth
79.1%
Nottingham Forest
78%
Watford
75.8%
Cardiff City
74.7%
Coventry City
72.5%
Reading
71.4%
Charlton Athletic
71.4%
Bradford City
70.3%

You're not logged in!

Compare scores with friends on all Sporcle quizzes.
Join for Free
OR
Log In

You Might Also Like...

Show Comments

Extras

Top Quizzes Today


Score Distribution

Your Account Isn't Verified!

In order to create a playlist on Sporcle, you need to verify the email address you used during registration. Go to your Sporcle Settings to finish the process.

Report this User

Report this user for behavior that violates our Community Guidelines.

Details: